| 000 | 00458nam a2200181Ia 4500 | ||
|---|---|---|---|
| 008 | 240925s9999 xx 000 0 und d | ||
| 020 | _a71467912 | ||
| 082 | _a332.6 NOR | ||
| 100 | _aNorden, Gary | ||
| 245 | 0 | _aTechnical analysis and the active trader | |
| 250 | _aNA | ||
| 260 |
_aLondon: _bMcGraw-Hill _c,2006. |
||
| 300 |
_a192p. _b0 _fOriginal |
||
| 500 | _aIncludes Index | ||
| 600 | _aSocial Sciences | ||
| 650 | _aSocial Sciences | ||
| 942 | _cBK | ||
| 999 |
_c17613 _d17613 |
||